00333nam a2200121Ia 4500008004100000041000800041082001500049100002000064245004500084260004200129300003100171365000900202240624s9999 xx 000 0 und d aeng a363.25 STR aSTRANEY LOUIS L aSECURITIES FRAUD DETECTION PREVENTION AN c2011aNew JerseybJohn Wiley and Sons axix, : 187 : p. : cm. ; 23 cb27